[Event "Kupreichik Memorial Open 2018"]
[Site "Minsk"]
[Date "2018.06.22"]
[Round "7"]
[White "Runets, Ivan"]
[Black "Barskij, Vladimir"]
[Result "1/2-1/2"]
[WhiteElo "2027"]
[BlackElo "2352"]
[Annotator "NA"]
[PlyCount "88"]
[EventDate "2018.06.21"]
[EventCountry "BLR"]
[SourceTitle "playchess.com"]
[Source "ChessBase"]
[SourceQuality "1"]
[TimeControl "900+10"]

1. d4 {[%emt 0:00:00]} d5 {[%emt 0:00:04]} 2. Nf3 {[%emt 0:00:00]} Nc6 {[%emt 0:00:04]} 3. Bf4 {[%emt 0:00:00]} Bg4 {[%emt 0:00:04]} 4. e3 {[%emt 0:00:02]} e6 {[%emt 0:00:03]} 5. Be2 {[%emt 0:00:05]} Bd6 {[%emt 0:00:10]} 6. Bg3 {[%emt 0:00:04]} Nf6 {[%emt 0:00:29]} 7. Nbd2 {[%emt 0:00:02]} O-O {[%emt 0:00:20]} 8. O-O {[%emt 0:00:04]} Re8 {[%emt 0:06:22]} 9. c4 {[%emt 0:00:21]} dxc4 {[%emt 0:00:41]} 10. Nxc4 {[%emt 0:00:14]} Ne4 {[%emt 0:00:12]} 11. Rc1 {[%emt 0:01:21]} Bxg3 {[%emt 0:02:05]} 12. hxg3 {[%emt 0:00:03]} Qd5 {[%emt 0:00:31]} 13. Nce5 {[%emt 0:01:42]} Nxe5 {[%emt 0:00:10]} 14. Nxe5 {[%emt 0:00:05]} Bxe2 {[%emt 0:00:11]} 15. Qxe2 {[%emt 0:00:03]} c5 {[%emt 0:00:40]} 16. Nf3 {[%emt 0:04:42]} cxd4 {[%emt 0:01:18]} 17. exd4 {[%emt 0:00:02]} Rac8 {[%emt 0:00:16]} 18. Qe3 {[%emt 0:00:29]} Nf6 {[%emt 0:00:07]} 19. a3 {[%emt 0:00:33]} b6 {[%emt 0:01:36]} 20. Rc3 {[%emt 0:00:24]} Qb7 {[%emt 0:00:04]} 21. Rfc1 {[%emt 0:00:30]} Nd5 {[%emt 0:00:02]} 22. Rxc8 {[%emt 0:00:03]} Rxc8 {[%emt 0:00:02]} 23. Qd2 {[%emt 0:00:13]} Rxc1+ {[%emt 0:00:12]} 24. Qxc1 {[%emt 0:00:02]} Qc7 {[%emt 0:00:02]} 25. Qxc7 Nxc7 {[%emt 0:00:01]} 26. Kf1 {[%emt 0:00:07]} f6 {[%emt 0:00:02]} 27. Ke2 {[%emt 0:00:02]} Kf7 {[%emt 0:00:01]} 28. Kd3 {[%emt 0:00:02]} Ke7 {[%emt 0:00:04]} 29. Nd2 {[%emt 0:00:07]} h6 {[%emt 0:00:15]} 30. Ne4 {[%emt 0:00:04]} f5 {[%emt 0:00:18]} 31. Nd2 {[%emt 0:00:08]} g5 {[%emt 0:00:19]} 32. Nc4 {[%emt 0:00:04]} Nd5 {[%emt 0:00:14]} 33. Ne5 {[%emt 0:00:11]} a6 {[%emt 0:00:17]} 34. Nf3 {[%emt 0:00:45]} g4 {[%emt 0:00:23]} 35. Ne5 {[%emt 0:00:14]} h5 {[%emt 0:00:04]} 36. Kc4 {[%emt 0:02:45]} Nf6 {[%emt 0:00:10]} 37. Kd3 {[%emt 0:00:16]} Ne4 {[%emt 0:00:08]} 38. Ke3 {[%emt 0:00:03]} Kd6 {[%emt 0:00:16]} 39. Nd3 {[%emt 0:00:27]} Nf6 {[%emt 0:00:28]} 40. f3 {[%emt 0:00:36]} Nd5+ {[%emt 0:00:33]} 41. Kd2 {[%emt 0:00:13]} a5 {[%emt 0:00:14]} 42. Ne5 {[%emt 0:00:39]} b5 {[%emt 0:00:07]} 43. Nf7+ {[%emt 0:00:02]} Ke7 {[%emt 0:00:20]} 44. Ne5 {[%emt 0:00:02]} Ke8 1/2-1/2

[Event "Kupreichik Memorial Open 2018"]
[Site "Minsk"]
[Date "2018.06.22"]
[Round "7"]
[White "Kalinin, Dmitry"]
[Black "Nigmatov, Ortik"]
[Result "0-1"]
[WhiteElo "1995"]
[BlackElo "2210"]
[Annotator "NA"]
[PlyCount "68"]
[EventDate "2018.06.21"]
[EventCountry "BLR"]
[SourceTitle "playchess.com"]
[Source "ChessBase"]
[SourceQuality "1"]
[TimeControl "900+10"]

1. d4 {[%emt 0:00:00]} Nf6 {[%emt 0:00:01]} 2. Nf3 {[%emt 0:00:01]} g6 {[%emt 0:00:01]} 3. g3 {[%emt 0:00:14]} Bg7 {[%emt 0:00:01]} 4. Bg2 {[%emt 0:00:06]} O-O {[%emt 0:00:01]} 5. O-O d6 6. c4 {[%emt 0:00:16]} Nbd7 {[%emt 0:00:02]} 7. Nc3 {[%emt 0:00:12]} e5 {[%emt 0:00:02]} 8. dxe5 {[%emt 0:01:15]} dxe5 {[%emt 0:00:03]} 9. h3 {[%emt 0:00:28]} Re8 {[%emt 0:00:13]} 10. Be3 {[%emt 0:00:20]} Qe7 {[%emt 0:02:26]} 11. Qc2 {[%emt 0:01:06]} c6 {[%emt 0:00:55]} 12. Rad1 {[%emt 0:00:47]} a5 {[%emt 0:00:18]} 13. Na4 {[%emt 0:00:47]} b5 {[%emt 0:02:00]} 14. cxb5 cxb5 {[%emt 0:00:01]} 15. Nc5 {[%emt 0:03:26]} Nxc5 {[%emt 0:02:08]} 16. Bxc5 {[%emt 0:00:02]} Qc7 {[%emt 0:00:21]} 17. Rc1 {[%emt 0:01:26]} Bh6 {[%emt 0:05:42]} 18. e3 {[%emt 0:03:29]} Be6 {[%emt 0:00:01]} 19. Nxe5 {[%emt 0:00:58]} Qxe5 {[%emt 0:00:08]} 20. Bd4 {[%emt 0:00:11]} Qg5 {[%emt 0:02:15]} 21. h4 {[%emt 0:00:24]} Qg4 {[%emt 0:00:01]} 22. Bxa8 {[%emt 0:00:18]} Rxa8 {[%emt 0:00:10]} 23. Bxf6 {[%emt 0:00:05]} Qf3 {[%emt 0:00:13]} 24. Qc6 {[%emt 0:00:05]} Bd5 {[%emt 0:00:04]} 25. Qxa8+ Bxa8 {[%emt 0:00:00]} 26. Rc8+ {[%emt 0:00:32]} Bf8 {[%emt 0:00:01]} 27. Rxa8 {[%emt 0:00:01]} Qxa8 {[%emt 0:00:02]} 28. Rc1 {[%emt 0:00:47]} Bg7 {[%emt 0:00:10]} 29. Bxg7 {[%emt 0:02:19]} Kxg7 {[%emt 0:00:02]} 30. Rc5 {[%emt 0:00:02]} Qb7 {[%emt 0:00:07]} 31. Kf1 {[%emt 0:00:06]} Qh1+ {[%emt 0:00:28]} 32. Ke2 {[%emt 0:00:02]} Qb1 {[%emt 0:00:02]} 33. Rxb5 {[%emt 0:00:11]} Qc2+ {[%emt 0:00:01]} 34. Ke1 {[%emt 0:00:08]} Qc1+ 0-1

[Event "Kupreichik Memorial Open 2018"]
[Site "Minsk"]
[Date "2018.06.22"]
[Round "7"]
[White "Romanovskij, Nikita"]
[Black "Girshgorn, Maria"]
[Result "1-0"]
[WhiteElo "1990"]
[BlackElo "1805"]
[Annotator "NA"]
[PlyCount "123"]
[EventDate "2018.06.21"]
[EventCountry "BLR"]
[SourceTitle "playchess.com"]
[Source "ChessBase"]
[SourceQuality "1"]
[TimeControl "900+10"]

1. d4 {[%emt 0:00:00]} Nf6 {[%emt 0:00:01]} 2. Nf3 {[%emt 0:00:00]} g6 {[%emt 0:00:00]} 3. Bg5 {[%emt 0:00:01]} Bg7 {[%emt 0:00:01]} 4. Nbd2 {[%emt 0:00:01]} d6 {[%emt 0:00:02]} 5. e3 {[%emt 0:00:02]} O-O {[%emt 0:00:02]} 6. Be2 {[%emt 0:00:02]} Nbd7 {[%emt 0:00:08]} 7. O-O {[%emt 0:00:05]} e5 {[%emt 0:00:00]} 8. c3 {[%emt 0:00:13]} c6 {[%emt 0:00:04]} 9. Bh4 {[%emt 0:00:46]} Qc7 {[%emt 0:00:24]} 10. Bg3 {[%emt 0:00:04]} Nh5 {[%emt 0:00:05]} 11. Nc4 {[%emt 0:00:53]} Nxg3 {[%emt 0:00:06]} 12. hxg3 {[%emt 0:00:02]} e4 {[%emt 0:00:11]} 13. Ne1 {[%emt 0:00:06]} d5 {[%emt 0:00:01]} 14. Nd2 {[%emt 0:00:01]} Nf6 {[%emt 0:00:36]} 15. c4 {[%emt 0:00:03]} h5 {[%emt 0:00:31]} 16. Rc1 {[%emt 0:00:26]} Qe7 {[%emt 0:00:27]} 17. cxd5 {[%emt 0:00:13]} cxd5 {[%emt 0:00:04]} 18. Qc2 {[%emt 0:01:10]} Bd7 {[%emt 0:00:49]} 19. Qb3 {[%emt 0:01:09]} Rac8 {[%emt 0:00:19]} 20. Rxc8 {[%emt 0:00:32]} Bxc8 {[%emt 0:00:02]} 21. Nc2 {[%emt 0:00:06]} Rd8 22. Qa3 {[%emt 0:01:07]} Qxa3 {[%emt 0:00:19]} 23. Nxa3 {[%emt 0:00:02]} a6 {[%emt 0:00:32]} 24. Rc1 {[%emt 0:00:07]} Bf8 {[%emt 0:00:28]} 25. Nb3 {[%emt 0:00:46]} Bxa3 {[%emt 0:00:10]} 26. bxa3 {[%emt 0:00:02]} b6 {[%emt 0:00:06]} 27. a4 {[%emt 0:00:15]} Bb7 {[%emt 0:00:46]} 28. a5 {[%emt 0:00:24]} b5 {[%emt 0:00:37]} 29. Nc5 {[%emt 0:00:17]} Rc8 {[%emt 0:00:10]} 30. Rb1 {[%emt 0:00:18]} Rc7 {[%emt 0:00:15]} 31. a4 {[%emt 0:00:14]} Nd7 {[%emt 0:01:50]} 32. Nxb7 {[%emt 0:00:06]} Rxb7 {[%emt 0:00:01]} 33. axb5 {[%emt 0:00:01]} axb5 {[%emt 0:00:33]} 34. Rxb5 {[%emt 0:00:01]} Ra7 {[%emt 0:00:11]} 35. Rxd5 {[%emt 0:00:04]} Kf8 {[%emt 0:01:09]} 36. a6 {[%emt 0:00:11]} Ke7 {[%emt 0:00:13]} 37. Bb5 {[%emt 0:00:49]} Nb8 {[%emt 0:00:16]} 38. Bc4 {[%emt 0:00:35]} f5 {[%emt 0:01:28]} 39. Rb5 {[%emt 0:00:08]} Nd7 {[%emt 0:01:06]} 40. Rb2 {[%emt 0:00:30]} Kd6 {[%emt 0:01:00]} 41. Bb5 {[%emt 0:01:00]} Nb8 {[%emt 0:00:15]} 42. Rc2 {[%emt 0:00:02]} Kd5 {[%emt 0:01:55]} 43. Kh2 {[%emt 0:02:37]} Kd6 {[%emt 0:00:17]} 44. Kh3 {[%emt 0:00:10]} g5 {[%emt 0:00:04]} 45. Rc5 {[%emt 0:00:04]} Ke6 {[%emt 0:00:02]} 46. f3 {[%emt 0:00:14]} g4+ {[%emt 0:00:16]} 47. fxg4 {[%emt 0:00:03]} hxg4+ {[%emt 0:00:04]} 48. Kh2 {[%emt 0:00:16]} Nd7 {[%emt 0:01:07]} 49. Bxd7+ {[%emt 0:00:30]} Rxd7 {[%emt 0:00:04]} 50. Kg1 {[%emt 0:00:10]} Ra7 {[%emt 0:00:06]} 51. Ra5 {[%emt 0:00:01]} Kd7 {[%emt 0:00:44]} 52. Kf2 {[%emt 0:00:07]} Kc7 {[%emt 0:00:06]} 53. Ke2 {[%emt 0:00:19]} Kb6 {[%emt 0:00:08]} 54. Ra2 {[%emt 0:00:02]} Kc7 {[%emt 0:00:25]} 55. Kd2 {[%emt 0:00:02]} Kb8 {[%emt 0:00:01]} 56. Ra5 {[%emt 0:00:23]} Rf7 {[%emt 0:00:04]} 57. a7+ {[%emt 0:00:08]} Ka8 {[%emt 0:00:01]} 58. d5 {[%emt 0:00:12]} Rc7 {[%emt 0:00:20]} 59. d6 {[%emt 0:00:04]} Rd7 {[%emt 0:00:01]} 60. Ra6 {[%emt 0:00:01]} Rd8 {[%emt 0:00:22]} 61. Kc3 {[%emt 0:00:05]} Rc8+ {[%emt 0:00:02]} 62. Kd4 {[%emt 0:00:01]} 1-0

[Event "Kupreichik Memorial Open 2018"]
[Site "Minsk"]
[Date "2018.06.22"]
[Round "7"]
[White "Tsaruk, Maksim"]
[Black "Tkachou, Viktar"]
[Result "1-0"]
[WhiteElo "1980"]
[BlackElo "1791"]
[Annotator "NA"]
[PlyCount "51"]
[EventDate "2018.06.21"]
[EventCountry "BLR"]
[SourceTitle "playchess.com"]
[Source "ChessBase"]
[SourceQuality "1"]
[TimeControl "900+10"]

1. e4 {[%emt 0:00:00]} c5 {[%emt 0:00:03]} 2. Nf3 {[%emt 0:00:00]} e6 {[%emt 0:00:02]} 3. d4 {[%emt 0:00:00]} cxd4 {[%emt 0:00:01]} 4. Nxd4 {[%emt 0:00:00]} a6 {[%emt 0:00:03]} 5. c4 {[%emt 0:00:00]} d6 {[%emt 0:00:04]} 6. Nc3 {[%emt 0:00:00]} Nf6 {[%emt 0:00:02]} 7. Be3 {[%emt 0:00:01]} Be7 {[%emt 0:00:06]} 8. Be2 {[%emt 0:00:02]} O-O {[%emt 0:00:11]} 9. O-O {[%emt 0:00:04]} Qc7 {[%emt 0:01:24]} 10. Rc1 {[%emt 0:00:02]} b6 {[%emt 0:00:04]} 11. f3 {[%emt 0:00:02]} Bb7 {[%emt 0:00:02]} 12. Qe1 {[%emt 0:00:01]} Nbd7 {[%emt 0:00:14]} 13. Qf2 {[%emt 0:00:08]} Rac8 {[%emt 0:00:50]} 14. Rfd1 {[%emt 0:00:03]} Qb8 {[%emt 0:00:21]} 15. g4 {[%emt 0:02:25]} h6 {[%emt 0:00:56]} 16. Nc2 {[%emt 0:02:51]} Bd8 {[%emt 0:01:05]} 17. Bf4 {[%emt 0:00:02]} Bc7 {[%emt 0:00:11]} 18. Ne3 {[%emt 0:00:06]} Qa8 {[%emt 0:00:45]} 19. Bxd6 {[%emt 0:01:40]} Bxd6 {[%emt 0:00:24]} 20. Rxd6 {[%emt 0:00:01]} Ne5 {[%emt 0:00:34]} 21. Rxb6 {[%emt 0:01:09]} Nfd7 {[%emt 0:01:08]} 22. Rd6 {[%emt 0:00:10]} f5 {[%emt 0:01:49]} 23. gxf5 {[%emt 0:01:03]} exf5 {[%emt 0:00:02]} 24. Nxf5 {[%emt 0:00:14]} Kh8 {[%emt 0:01:24]} 25. Rf1 {[%emt 0:04:12]} Nf6 {[%emt 0:00:21]} 26. Qg3 {[%emt 0:00:25]} 1-0

[Event "Kupreichik Memorial Open 2018"]
[Site "Minsk"]
[Date "2018.06.22"]
[Round "7"]
[White "Svjatocho, Andrej"]
[Black "Sihite, Chelsie Monica Igne"]
[Result "1-0"]
[WhiteElo "1979"]
[BlackElo "2236"]
[Annotator "NA"]
[PlyCount "103"]
[EventDate "2018.06.21"]
[EventCountry "BLR"]
[SourceTitle "playchess.com"]
[Source "ChessBase"]
[SourceQuality "1"]
[TimeControl "900+10"]

1. e4 {[%emt 0:00:00]} e5 {[%emt 0:00:01]} 2. Nf3 {[%emt 0:00:00]} Nc6 {[%emt 0:00:01]} 3. d4 {[%emt 0:00:00]} exd4 {[%emt 0:00:02]} 4. Nxd4 {[%emt 0:00:00]} Bc5 {[%emt 0:00:01]} 5. Nxc6 {[%emt 0:00:02]} Qf6 {[%emt 0:00:08]} 6. Qd2 {[%emt 0:00:03]} dxc6 {[%emt 0:00:22]} 7. Nc3 {[%emt 0:00:03]} Bd7 {[%emt 0:01:02]} 8. Qf4 {[%emt 0:00:36]} O-O-O {[%emt 0:00:51]} 9. Bd3 {[%emt 0:00:15]} Re8 {[%emt 0:00:19]} 10. Be3 {[%emt 0:00:46]} Bb4 {[%emt 0:00:30]} 11. O-O {[%emt 0:00:42]} Bxc3 {[%emt 0:00:40]} 12. bxc3 {[%emt 0:00:04]} Qxf4 {[%emt 0:00:02]} 13. Bxf4 {[%emt 0:00:03]} Ne7 {[%emt 0:00:03]} 14. Bg3 {[%emt 0:00:10]} h5 {[%emt 0:00:06]} 15. h4 {[%emt 0:00:14]} c5 {[%emt 0:00:56]} 16. f4 {[%emt 0:00:24]} f5 {[%emt 0:00:41]} 17. Rae1 {[%emt 0:00:38]} fxe4 {[%emt 0:00:20]} 18. Rxe4 {[%emt 0:00:34]} Nf5 {[%emt 0:00:01]} 19. Bf2 {[%emt 0:00:09]} b6 {[%emt 0:00:15]} 20. Rfe1 {[%emt 0:00:05]} g6 {[%emt 0:00:06]} 21. Re5 {[%emt 0:01:09]} Rxe5 {[%emt 0:00:07]} 22. fxe5 {[%emt 0:00:46]} Be6 {[%emt 0:00:06]} 23. a3 {[%emt 0:00:44]} Rd8 {[%emt 0:00:32]} 24. c4 {[%emt 0:02:39]} c6 {[%emt 0:00:56]} 25. Re4 {[%emt 0:00:11]} Kd7 {[%emt 0:00:34]} 26. g4 {[%emt 0:00:38]} hxg4 {[%emt 0:00:14]} 27. Rxg4 {[%emt 0:00:02]} Ne7 {[%emt 0:00:17]} 28. Rg5 {[%emt 0:00:31]} Rf8 {[%emt 0:00:25]} 29. Bxg6 {[%emt 0:01:31]} Nxg6 {[%emt 0:00:02]} 30. Rxg6 {[%emt 0:00:03]} Rg8 {[%emt 0:00:19]} 31. Rxg8 {[%emt 0:00:47]} Bxg8 {[%emt 0:00:01]} 32. h5 {[%emt 0:00:05]} Bxc4 {[%emt 0:00:02]} 33. h6 {[%emt 0:00:04]} Bg8 {[%emt 0:00:01]} 34. Bg3 {[%emt 0:01:00]} Ke6 {[%emt 0:00:10]} 35. Kf2 {[%emt 0:00:03]} b5 {[%emt 0:00:10]} 36. c3 {[%emt 0:00:12]} a5 {[%emt 0:00:02]} 37. Ke3 {[%emt 0:00:32]} Bh7 {[%emt 0:00:15]} 38. Kd2 {[%emt 0:00:10]} Kf5 {[%emt 0:00:06]} 39. Bf2 {[%emt 0:00:42]} Kxe5 {[%emt 0:01:13]} 40. Bxc5 {[%emt 0:00:04]} Kd5 {[%emt 0:00:03]} 41. Bb6 {[%emt 0:00:47]} a4 {[%emt 0:00:01]} 42. Kc1 {[%emt 0:00:07]} Kc4 {[%emt 0:00:18]} 43. Kb2 {[%emt 0:00:02]} Kd3 {[%emt 0:00:02]} 44. Bc5 {[%emt 0:00:12]} Bg8 {[%emt 0:00:04]} 45. Bd6 {[%emt 0:00:03]} Kc4 {[%emt 0:00:01]} 46. Bf8 {[%emt 0:00:06]} Bh7 {[%emt 0:00:02]} 47. Be7 {[%emt 0:00:03]} c5 {[%emt 0:00:19]} 48. Bf8 {[%emt 0:00:06]} Kd5 {[%emt 0:00:01]} 49. Be7 {[%emt 0:00:07]} Kc6 {[%emt 0:00:01]} 50. Bf8 {[%emt 0:00:03]} Kb6 {[%emt 0:00:05]} 51. Be7 {[%emt 0:00:07]} Kc6 {[%emt 0:00:01]} 52. Bf8 {[%emt 0:00:02]} 1-0

[Event "Kupreichik Memorial Open 2018"]
[Site "Minsk"]
[Date "2018.06.22"]
[Round "7"]
[White "Zhukovskij, Viktor"]
[Black "Badelka, Olga"]
[Result "0-1"]
[WhiteElo "1973"]
[BlackElo "2153"]
[Annotator "NA"]
[PlyCount "126"]
[EventDate "2018.06.21"]
[EventCountry "BLR"]
[SourceTitle "playchess.com"]
[Source "ChessBase"]
[SourceQuality "1"]
[TimeControl "900+10"]

1. e4 {[%emt 0:00:00]} c5 {[%emt 0:00:01]} 2. Nf3 {[%emt 0:00:00]} Nc6 {[%emt 0:00:02]} 3. Bb5 {[%emt 0:00:00]} e6 {[%emt 0:00:01]} 4. Bxc6 {[%emt 0:00:02]} bxc6 {[%emt 0:00:00]} 5. d3 {[%emt 0:00:08]} d5 {[%emt 0:00:02]} 6. Qe2 {[%emt 0:00:11]} Ne7 {[%emt 0:00:03]} 7. h4 {[%emt 0:00:51]} h5 {[%emt 0:00:08]} 8. b3 {[%emt 0:00:22]} Ng6 {[%emt 0:00:20]} 9. Bb2 {[%emt 0:01:12]} f6 {[%emt 0:00:32]} 10. e5 {[%emt 0:00:22]} Be7 {[%emt 0:00:24]} 11. Nbd2 {[%emt 0:00:23]} d4 {[%emt 0:01:24]} 12. Qe4 {[%emt 0:02:24]} f5 {[%emt 0:00:08]} 13. Qe2 {[%emt 0:01:07]} Nf4 {[%emt 0:02:23]} 14. Qf1 {[%emt 0:00:09]} a5 {[%emt 0:00:01]} 15. g3 {[%emt 0:00:16]} Nd5 {[%emt 0:00:03]} 16. a4 {[%emt 0:00:50]} Ba6 {[%emt 0:00:01]} 17. Nc4 {[%emt 0:00:26]} Bxc4 {[%emt 0:00:17]} 18. dxc4 {[%emt 0:00:15]} Nb4 {[%emt 0:00:37]} 19. O-O-O {[%emt 0:00:59]} Qb6 {[%emt 0:00:02]} 20. Ne1 {[%emt 0:01:33]} O-O-O {[%emt 0:01:49]} 21. Nd3 {[%emt 0:00:20]} g5 {[%emt 0:00:23]} 22. hxg5 {[%emt 0:00:21]} Bxg5+ {[%emt 0:00:02]} 23. f4 {[%emt 0:00:08]} Be7 {[%emt 0:00:02]} 24. Qf3 {[%emt 0:00:11]} h4 {[%emt 0:00:41]} 25. gxh4 {[%emt 0:02:33]} Bxh4 {[%emt 0:00:16]} 26. Nxb4 {[%emt 0:00:36]} cxb4 {[%emt 0:00:06]} 27. Rdg1 {[%emt 0:00:51]} d3 {[%emt 0:03:09]} 28. cxd3 {[%emt 0:00:48]} Bf2 {[%emt 0:00:04]} 29. Rf1 {[%emt 0:01:02]} Rxh1 {[%emt 0:00:48]} 30. Rxh1 {[%emt 0:00:02]} Qe3+ {[%emt 0:00:05]} 31. Qxe3 {[%emt 0:00:02]} Bxe3+ {[%emt 0:00:01]} 32. Kc2 {[%emt 0:00:05]} Bxf4 {[%emt 0:00:08]} 33. Rh4 {[%emt 0:01:02]} Be3 {[%emt 0:00:38]} 34. Rh3 {[%emt 0:00:16]} Bf4 {[%emt 0:01:05]} 35. d4 {[%emt 0:00:07]} Rg8 {[%emt 0:00:16]} 36. Rf3 {[%emt 0:00:26]} Rg2+ {[%emt 0:00:13]} 37. Kb1 {[%emt 0:00:01]} Bd2 {[%emt 0:00:59]} 38. Rd3 {[%emt 0:00:12]} Kd7 {[%emt 0:00:56]} 39. Bc1 {[%emt 0:00:26]} Bc3 {[%emt 0:00:13]} 40. c5 {[%emt 0:00:18]} Ke8 {[%emt 0:00:34]} 41. Rh3 {[%emt 0:00:19]} Bxd4 {[%emt 0:00:02]} 42. Rh8+ {[%emt 0:00:02]} Kf7 {[%emt 0:00:19]} 43. Rh7+ {[%emt 0:00:12]} Rg7 {[%emt 0:00:13]} 44. Rh8 {[%emt 0:00:08]} Bxe5 {[%emt 0:00:51]} 45. Rc8 {[%emt 0:00:02]} Rg1 {[%emt 0:00:04]} 46. Kc2 {[%emt 0:00:02]} f4 {[%emt 0:00:08]} 47. Rxc6 {[%emt 0:00:01]} f3 {[%emt 0:00:04]} 48. Be3 {[%emt 0:00:02]} f2 {[%emt 0:00:44]} 49. Bxf2 {[%emt 0:00:02]} Rg2 {[%emt 0:00:01]} 50. Kd3 {[%emt 0:00:21]} Rxf2 {[%emt 0:00:02]} 51. Ra6 {[%emt 0:00:01]} Kf6 {[%emt 0:01:12]} 52. Rxa5 {[%emt 0:00:04]} Rf4 {[%emt 0:00:28]} 53. c6 {[%emt 0:00:10]} Rd4+ {[%emt 0:00:03]} 54. Ke3 {[%emt 0:00:08]} Rd1 {[%emt 0:00:21]} 55. Ke4 {[%emt 0:00:07]} Re1+ {[%emt 0:00:08]} 56. Kd3 {[%emt 0:00:03]} Rc1 {[%emt 0:00:02]} 57. Ke4 {[%emt 0:00:03]} Bc7 {[%emt 0:00:25]} 58. Ra6 {[%emt 0:00:01]} Ke7 {[%emt 0:00:15]} 59. Kd4 {[%emt 0:00:17]} Kd6 {[%emt 0:00:02]} 60. Ra8 {[%emt 0:00:39]} Kxc6 {[%emt 0:00:14]} 61. Ra6+ {[%emt 0:00:07]} Bb6+ {[%emt 0:00:03]} 62. Kd3 {[%emt 0:00:23]} Kb7 {[%emt 0:00:02]} 63. Kd2 {[%emt 0:00:03]} Rc8 {[%emt 0:00:06]} 0-1

[Event "Kupreichik Memorial Open 2018"]
[Site "Minsk"]
[Date "2018.06.22"]
[Round "7"]
[White "Ilyuchyk, Yana"]
[Black "Kolosovskaya, Olga"]
[Result "1-0"]
[WhiteElo "1971"]
[BlackElo "1747"]
[Annotator "NA"]
[PlyCount "53"]
[EventDate "2018.06.21"]
[EventCountry "BLR"]
[SourceTitle "playchess.com"]
[Source "ChessBase"]
[SourceQuality "1"]
[TimeControl "900+10"]

1. e4 {[%emt 0:00:00]} c5 {[%emt 0:00:01]} 2. Nf3 {[%emt 0:00:00]} e6 {[%emt 0:00:01]} 3. d4 {[%emt 0:00:00]} cxd4 {[%emt 0:00:01]} 4. Nxd4 {[%emt 0:00:00]} Nf6 {[%emt 0:00:02]} 5. Bd3 {[%emt 0:00:17]} Nc6 {[%emt 0:00:01]} 6. Nb3 {[%emt 0:00:04]} d5 {[%emt 0:00:07]} 7. N1d2 {[%emt 0:00:50]} Be7 {[%emt 0:00:17]} 8. O-O {[%emt 0:00:05]} O-O {[%emt 0:00:02]} 9. Re1 {[%emt 0:00:50]} Nb4 {[%emt 0:02:00]} 10. e5 {[%emt 0:01:08]} Nd7 {[%emt 0:00:11]} 11. Nf3 {[%emt 0:00:53]} Nxd3 {[%emt 0:00:26]} 12. Qxd3 {[%emt 0:00:10]} b6 {[%emt 0:01:20]} 13. Nbd4 {[%emt 0:00:42]} Nc5 {[%emt 0:00:34]} 14. Qe3 {[%emt 0:00:05]} Bb7 {[%emt 0:00:16]} 15. Qf4 {[%emt 0:01:19]} Rc8 {[%emt 0:01:51]} 16. Qg4 {[%emt 0:00:36]} Kh8 {[%emt 0:00:11]} 17. Bg5 {[%emt 0:02:07]} Ne4 {[%emt 0:01:22]} 18. Bxe7 {[%emt 0:00:21]} Qxe7 {[%emt 0:00:02]} 19. c3 {[%emt 0:00:33]} Ba6 {[%emt 0:00:15]} 20. Re3 {[%emt 0:01:18]} f5 {[%emt 0:03:45]} 21. exf6 {[%emt 0:00:20]} Rxf6 {[%emt 0:00:02]} 22. Ne5 {[%emt 0:02:27]} Nxf2 {[%emt 0:00:58]} 23. Qh4 {[%emt 0:00:01]} Qd6 {[%emt 0:00:52]} 24. Qxf6 {[%emt 0:00:48]} gxf6 {[%emt 0:00:23]} 25. Nf7+ {[%emt 0:00:02]} Kg7 {[%emt 0:00:02]} 26. Nxd6 {[%emt 0:00:02]} Rd8 {[%emt 0:00:17]} 27. Nxe6+ 1-0

[Event "Kupreichik Memorial Open 2018"]
[Site "Minsk"]
[Date "2018.06.22"]
[Round "7"]
[White "Artsiomau, Stanislau"]
[Black "Stsepkina, Yauheniya"]
[Result "1-0"]
[WhiteElo "1954"]
[BlackElo "1591"]
[Annotator "NA"]
[PlyCount "65"]
[EventDate "2018.06.21"]
[EventCountry "BLR"]
[SourceTitle "playchess.com"]
[Source "ChessBase"]
[SourceQuality "1"]
[TimeControl "900+10"]

1. e4 {[%emt 0:00:00]} c5 {[%emt 0:00:00]} 2. Nf3 {[%emt 0:00:00]} Nc6 {[%emt 0:00:01]} 3. g3 {[%emt 0:00:00]} g6 {[%emt 0:00:04]} 4. Bg2 {[%emt 0:00:00]} Bg7 {[%emt 0:00:02]} 5. O-O {[%emt 0:00:00]} e6 {[%emt 0:00:03]} 6. Re1 {[%emt 0:00:00]} Nge7 {[%emt 0:00:01]} 7. d3 {[%emt 0:00:13]} O-O {[%emt 0:00:05]} 8. c3 {[%emt 0:00:05]} d5 {[%emt 0:00:04]} 9. e5 {[%emt 0:00:01]} d4 {[%emt 0:00:13]} 10. c4 {[%emt 0:00:04]} Qc7 {[%emt 0:00:21]} 11. Qe2 {[%emt 0:00:01]} h6 {[%emt 0:00:27]} 12. h4 {[%emt 0:00:05]} a6 {[%emt 0:00:19]} 13. Bf4 {[%emt 0:00:01]} b5 {[%emt 0:00:16]} 14. b3 {[%emt 0:00:01]} b4 {[%emt 0:00:37]} 15. Nh2 {[%emt 0:00:10]} Bb7 {[%emt 0:00:18]} 16. Ng4 {[%emt 0:00:01]} Kh7 {[%emt 0:00:50]} 17. Nf6+ {[%emt 0:00:02]} Kh8 {[%emt 0:00:05]} 18. Nd2 {[%emt 0:00:39]} Ng8 {[%emt 0:00:49]} 19. Nf3 {[%emt 0:01:25]} Qe7 {[%emt 0:00:29]} 20. Ne4 {[%emt 0:00:41]} Nd8 {[%emt 0:02:48]} 21. Nh2 {[%emt 0:00:41]} Bc6 {[%emt 0:01:47]} 22. Ng4 {[%emt 0:00:12]} Nb7 {[%emt 0:03:13]} 23. Ngf6 {[%emt 0:01:07]} Bxe4 {[%emt 0:00:47]} 24. Bxe4 {[%emt 0:00:39]} Nxf6 {[%emt 0:01:14]} 25. exf6 {[%emt 0:00:02]} Bxf6 {[%emt 0:00:06]} 26. Bxh6 {[%emt 0:00:39]} Bg7 {[%emt 0:00:08]} 27. Bg5 {[%emt 0:00:12]} f6 {[%emt 0:03:53]} 28. Bxg6 {[%emt 0:00:28]} fxg5 {[%emt 0:00:36]} 29. Qh5+ {[%emt 0:00:01]} Bh6 {[%emt 0:00:00]} 30. Qxh6+ {[%emt 0:00:02]} Kg8 {[%emt 0:00:05]} 31. Rxe6 {[%emt 0:00:03]} Qg7 {[%emt 0:00:19]} 32. Qxg5 {[%emt 0:00:44]} Rae8 {[%emt 0:00:18]} 33. Rxe8 {[%emt 0:00:16]} 1-0